[Event "Kandidatklassen"]
[Site "Koge"]
[Date "2005.03.28"]
[Round "7"]
[White "Pedersen, Daniel Vesterbaek"]
[Black "Ostergaard, Jens"]
[Result "1-0"]
[WhiteElo "2348"]
[BlackElo "2321"]
[PlyCount "120"]
[EventDate "2005.??.??"]
[EventType "swiss"]
[EventRounds "7"]
[EventCountry "DEN"]

1. d4 Nf6 2. c4 e6 3. Nc3 c5 4. d5 exd5 5. cxd5 d6 6. e4 g6 7. f4 Bg7 8. Bb5+
Nfd7 9. Be2 O-O 10. Nf3 a6 11. a4 Re8 12. O-O Nf8 13. Nd2 Nbd7 14. Bf3 Rb8 15.
Nc4 Nb6 16. Na3 Bd7 17. Re1 Nc8 18. Qe2 f5 19. Qf1 fxe4 20. Bxe4 Qc7 21. Kh1
Ne7 22. Bd2 Nf5 23. g4 Nd4 24. f5 gxf5 25. gxf5 Qd8 26. Qg2 Bxf5 27. Rg1 Ng6
28. Bg5 Bf6 29. Bxf5 Nxf5 30. Raf1 Bxg5 31. Rxf5 Be3 32. Rgf1 Qh4 33. Nc2 Kh8
34. R1f3 Bd4 35. Rh3 Rg8 36. Rh5 Qxh5 37. Rxh5 Nf4 38. Rxh7+ Kxh7 39. Qe4+ Ng6
40. Nxd4 cxd4 41. Qxd4 Rgf8 42. Ne4 Rf4 43. Qe3 Rbf8 44. Ng5+ Kg8 45. Qg3 Rf1+
46. Kg2 Nf4+ 47. Kxf1 Nh5+ 48. Qf2 Rxf2+ 49. Kxf2 Nf6 50. Ke3 Nxd5+ 51. Kd4 Nb6
52. a5 Na4 53. b3 Nc5 54. b4 Na4 55. Kd5 b6 56. Kxd6 Kg7 57. Kc6 bxa5 58. bxa5
Kf6 59. Nf3 Kf5 60. Kb7 Ke4 1-0

[Event "Kandidatklassen"]
[Site "Koge"]
[Date "2005.03.28"]
[Round "7"]
[White "Madsen, Poul Henrik"]
[Black "Meyer, Lars August"]
[Result "0-1"]
[WhiteElo "2035"]
[BlackElo "2240"]
[PlyCount "92"]
[EventDate "2005.??.??"]
[EventType "swiss"]
[EventRounds "7"]
[EventCountry "DEN"]

1. d4 Nf6 2. Nf3 d6 3. e3 g6 4. Bd3 Bf5 5. Nc3 Bxd3 6. Qxd3 c6 7. O-O Bg7 8. e4
Na6 9. Bg5 h6 10. Bxf6 Bxf6 11. Rad1 e5 12. dxe5 dxe5 13. Qe2 Qc7 14. Rd2 O-O
15. Rfd1 Rfd8 16. Qe3 Rxd2 17. Qxd2 Kg7 18. Qd7 Qb6 19. Qd2 Rd8 20. Qc1 Nc5 21.
Rxd8 Qxd8 22. b4 Ne6 23. Qe3 Nd4 24. Qd3 Nxf3+ 25. gxf3 Qe7 26. b5 Qa3 27. bxc6
bxc6 28. Kg2 Qc1 29. Qc4 Qxc2 30. Qxc6 Bd8 31. Qc5 Bb6 32. Qxe5+ Kh7 33. Kh3
Qxf2 34. Nd5 Qf1+ 35. Kg4 Qg2+ 36. Qg3 h5+ 37. Kf4 Qd2+ 38. Ke5 Bc5 39. Kf6 Qh6
40. Kxf7 Qf8+ 41. Ke6 Qe8+ 42. Ne7 Qxe7+ 43. Kd5 Bb6 44. e5 Qd7+ 45. Kc4 Qe6+
46. Kb5 Qd5+ 0-1

[Event "Kandidatklassen"]
[Site "Koge"]
[Date "2005.03.28"]
[Round "7"]
[White "Glud, Jakob Vang"]
[Black "Bromann, Thorbjorn"]
[Result "1/2-1/2"]
[WhiteElo "2311"]
[BlackElo "2354"]
[PlyCount "129"]
[EventDate "2005.??.??"]
[EventType "swiss"]
[EventRounds "7"]
[EventCountry "DEN"]

1. c4 Nf6 2. Nc3 e5 3. g3 Bb4 4. Bg2 O-O 5. e3 Bxc3 6. bxc3 Nc6 7. e4 d6 8. Ne2
Be6 9. d3 Qd7 10. O-O Bh3 11. Rb1 Rab8 12. f4 a6 13. f5 Bxg2 14. Kxg2 Ne8 15.
Be3 b5 16. cxb5 axb5 17. a4 bxa4 18. Qxa4 Nf6 19. c4 Ra8 20. Qc2 Rfb8 21. Bd2
Qc8 22. Rb5 Ra3 23. Rfb1 Rba8 24. h3 Nd7 25. Be3 Ne7 26. R5b3 Rxb3 27. Qxb3 Rb8
28. Qc2 c6 29. Rxb8 Qxb8 30. Nc3 Qb7 31. Na4 f6 32. Qb2 Qa8 33. Qb4 Nxf5 34.
Bf2 c5 35. Qb5 Nf8 36. Nb6 Qb7 37. Nd5 Qxb5 38. cxb5 Nd4 39. Bxd4 exd4 40. Ne7+
Kf7 41. Nf5 Nd7 42. Nxd6+ Ke6 43. Nb7 Ne5 44. Nxc5+ Kd6 45. Nb3 Nxd3 46. Nxd4
g6 47. Kf3 Kc5 48. Ke3 Ne5 49. g4 h6 50. Ne6+ Kxb5 51. Nc7+ Kc5 52. Nd5 Nd7 53.
Ne7 g5 54. Ng8 Kd6 55. Nxh6 Nf8 56. Nf5+ Ke5 57. Ne7 Ke6 58. Nd5 Ke5 59. Nb4
Ng6 60. Nd3+ Ke6 61. Kd4 Kd6 62. Nb4 Nf4 63. Nd5 Ne6+ 64. Ke3 Ke5 65. Nb6
1/2-1/2

[Event "Kandidatklassen"]
[Site "Koge"]
[Date "2005.03.28"]
[Round "7"]
[White "Damm, Kasper Wilken"]
[Black "Rossen, Claus"]
[Result "1-0"]
[WhiteElo "2215"]
[BlackElo "2197"]
[PlyCount "59"]
[EventDate "2005.??.??"]
[EventType "swiss"]
[EventRounds "7"]
[EventCountry "DEN"]

1. e4 e5 2. Nc3 Nf6 3. g3 Bc5 4. Bg2 Nc6 5. Nf3 d6 6. d3 a6 7. Bg5 h6 8. Be3
Nd4 9. Bxd4 exd4 10. Ne2 c6 11. O-O Bg4 12. Qd2 Bxf3 13. Bxf3 O-O 14. c4 dxc3
15. bxc3 Re8 16. Rae1 b5 17. Nf4 Rc8 18. Bd1 a5 19. Bc2 b4 20. Re2 bxc3 21.
Qxc3 Qb6 22. Rb1 Qa7 23. Ba4 Ng4 24. Rf1 Bd4 25. Qc2 Re5 26. Qc4 Rg5 27. Ne6
Rc5 28. Qxd4 fxe6 29. Qxd6 Ne5 30. Qxe6+ 1-0

[Event "Kandidatklassen"]
[Site "Koge"]
[Date "2005.03.28"]
[Round "7"]
[White "Christensen, Stefan"]
[Black "Holmsgaard, Henrik"]
[Result "1/2-1/2"]
[WhiteElo "2203"]
[BlackElo "2319"]
[PlyCount "87"]
[EventDate "2005.??.??"]
[EventType "swiss"]
[EventRounds "7"]
[EventCountry "DEN"]

1. e4 c5 2. Nf3 Nc6 3. c3 Nf6 4. e5 Nd5 5. d4 cxd4 6. Bc4 e6 7. cxd4 d6 8. O-O
Be7 9. a3 O-O 10. Bd3 Bd7 11. Re1 Rc8 12. Qe2 dxe5 13. dxe5 Na5 14. Ra2 g6 15.
b4 Nc6 16. Bd2 Qb6 17. Qe4 Rfd8 18. b5 Nb8 19. Qa4 Re8 20. Ba5 Qc5 21. Rc2 Nb6
22. Qe4 Qd5 23. Qxd5 Nxd5 24. Rec1 Rxc2 25. Rxc2 Rc8 26. Rxc8+ Bxc8 27. a4 Nd7
28. Bd2 Bd8 29. Nc3 Bc7 30. Nxd5 exd5 31. Bc3 Nc5 32. Bc2 Bg4 33. Ne1 Nd7 34.
f4 Bb6+ 35. Kf1 Be3 36. g3 Nc5 37. Bb4 Ne4 38. Bxe4 dxe4 39. Nc2 Bh3+ 40. Ke2
Bg1 41. Be1 Bg4+ 42. Kf1 Bc5 43. Bb4 Bd1 44. Bxc5 1/2-1/2

[Event "Kandidatklassen"]
[Site "Koge"]
[Date "2005.03.28"]
[Round "7"]
[White "Brinck Claussen, Bjorn"]
[Black "Matthiesen, Arne"]
[Result "1/2-1/2"]
[WhiteElo "2299"]
[BlackElo "2334"]
[PlyCount "68"]
[EventDate "2005.??.??"]
[EventType "swiss"]
[EventRounds "7"]
[EventCountry "DEN"]

1. e4 e6 2. d4 d5 3. Nc3 dxe4 4. Nxe4 Nd7 5. Nf3 Ngf6 6. Nxf6+ Nxf6 7. Bd3 c5
8. O-O cxd4 9. Nxd4 Bd6 10. Nf3 O-O 11. Bg5 Qc7 12. Bxf6 gxf6 13. Qe2 b6 14.
Rad1 f5 15. Rfe1 Bf4 16. g3 Bh6 17. Ne5 Bb7 18. Bb5 Rfd8 19. Rxd8+ Rxd8 20. Qc4
Qxc4 21. Bxc4 Bg7 22. Bd3 Rd5 23. f4 Bf8 24. Kf1 b5 25. Ke2 Bd6 26. Nf3 Kf8 27.
Rd1 b4 28. Nd2 Ke7 29. Nc4 Bc5 30. a3 bxa3 31. Nxa3 Bxa3 32. bxa3 Ra5 33. Ra1
Kd6 34. Kd2 Bc8 1/2-1/2

[Event "Kandidatklassen"]
[Site "Koge"]
[Date "2005.03.28"]
[Round "7"]
[White "Andreasen, Per Naesby"]
[Black "Kongsted, Halfdan Christian"]
[Result "0-1"]
[WhiteElo "2305"]
[BlackElo "2265"]
[PlyCount "112"]
[EventDate "2005.??.??"]
[EventType "swiss"]
[EventRounds "7"]
[EventCountry "DEN"]

1. g3 d5 2. Nf3 Nf6 3. Bg2 c6 4. b3 e6 5. c4 Nbd7 6. O-O Be7 7. Bb2 O-O 8. Qc2
b6 9. Nc3 Bb7 10. d4 Rc8 11. e4 dxe4 12. Nxe4 Qc7 13. Nxf6+ Bxf6 14. Rad1 Rfe8
15. h4 h6 16. Nd2 c5 17. Bxb7 Qxb7 18. Ne4 Be7 19. d5 exd5 20. Rxd5 Nf8 21.
Rfd1 Rcd8 22. Nc3 Rc8 23. Rf5 Ne6 24. Nd5 Bf8 25. Qe4 Rc6 26. Qg4 Kh7 27. Re1
Rd6 28. Qf3 Nd4 29. Nf6+ Rxf6 30. Qxb7 Rxe1+ 31. Kg2 Rxf5 32. Bxd4 cxd4 33. Qc8
g6 34. Qxf8 Re2 35. Qd6 Rfxf2+ 36. Kg1 Rg2+ 37. Kf1 Rgf2+ 38. Kg1 Rd2 39. h5
Rg2+ 40. Kf1 Rgf2+ 41. Ke1 Rfe2+ 42. Kf1 d3 43. hxg6+ Kg7 44. Qd4+ Kxg6 45.
Qg4+ Kf6 46. Qf3+ Ke7 47. Qb7+ Kf8 48. Qc8+ Re8 49. Qc6 Re6 50. Qd7 Rf6+ 51.
Kg1 Re6 52. Kf1 Rd1+ 53. Kg2 d2 54. Qd8+ Re8 55. Qd6+ Kg8 56. Qd7 Rde1 0-1

[Event "Kandidatklassen"]
[Site "Koge"]
[Date "2005.03.28"]
[Round "7"]
[White "Aabling Thomsen, Jakob"]
[Black "Skovgaard, Peter Nicolai"]
[Result "1/2-1/2"]
[WhiteElo "2135"]
[BlackElo "2130"]
[PlyCount "114"]
[EventDate "2005.??.??"]
[EventType "swiss"]
[EventRounds "7"]
[EventCountry "DEN"]

1. e4 c5 2. Nf3 e6 3. Nc3 a6 4. d4 cxd4 5. Nxd4 b5 6. Bd3 Qb6 7. Nf3 Nc6 8. O-O
Qb8 9. Re1 Nge7 10. Be3 d6 11. a4 b4 12. Ne2 Ne5 13. Nxe5 dxe5 14. f4 exf4 15.
Bxf4 e5 16. Be3 Be6 17. Ng3 g6 18. Rf1 h5 19. h4 Nc6 20. Qd2 Be7 21. Bg5 Qd8
22. Kh2 Bxg5 23. hxg5 Qb6 24. Rf6 Rd8 25. Raf1 b3 26. Qc3 h4 27. Nh1 h3 28. g3
bxc2 29. Bxc2 Nd4 30. a5 Qc6 31. Qxc6+ Nxc6 32. Ba4 Rd6 33. Rc1 Kd7 34. Rf2 Kc7
35. Rfc2 Bd7 36. Nf2 Kb7 37. Bb3 Nxa5 38. Rc7+ Kb6 39. Bd5 Rd8 40. R7c2 Be6 41.
Bxe6 Rxe6 42. Kxh3 Nb3 43. Rc8 Rxc8 44. Rxc8 Nd2 45. Rd8 Nc4 46. Nd3 Nd6 47.
Rb8+ Kc7 48. Rb4 a5 49. Ra4 Kb6 50. b4 axb4 51. Rxb4+ Ka5 52. Kg4 f6 53. gxf6
Rxf6 54. Rb8 Nxe4 55. Re8 Rf5 56. Rxe5+ Rxe5 57. Nxe5 Nxg3 1/2-1/2